| 000 | 00934nam a22002657a 4500 | ||
|---|---|---|---|
| 005 | 20120106114749.0 | ||
| 008 | 120106t xxu||||| |||| 00| 0 eng d | ||
| 010 | _aENG-104625 | ||
| 020 |
_a9789380408798 _c250.00 |
||
| 035 | _aEN-88158 | ||
| 037 | _bDBAD/PUB | ||
| 040 |
_aDPL _bEng |
||
| 082 | _a624 | ||
| 100 |
_aShankaraiah, G.M. _938484 |
||
| 245 |
_aElements of civil engineering and engineering mechanics / _cby G.M. Shankaraiah [and] M.S. Roopashree |
||
| 260 |
_aNew Delhi _bAcme Learning _c2011 |
||
| 270 |
_a2/8 Ansari Road Darya Ganj _bNew Delhi _e110002 |
||
| 300 |
_aix,418p. : _bill. _c24cm(pbk) |
||
| 500 | _aIncludes index | ||
| 650 |
_aCivil engineering _938486 |
||
| 650 |
_aMechanics, Applied _938487 |
||
| 700 |
_aRoopashree, M.S. _938485 |
||
| 942 |
_2ddc _cEN _h624 _mSHA |
||
| 999 |
_c60439 _d60439 |
||